The valmikiramayana (v.3)/ (Record no. 49008)

000 -LEADER
fixed length control field 00425nam a22001691a 4500
020 ## - INTERNATIONAL STANDARD BOOK NUMBER
International Standard Book Number 9788170812321
082 ## - DEWEY DECIMAL CLASSIFICATION NUMBER
Classification number S 294.592 2
Item number VAL/V
100 ## - MAIN ENTRY--PERSONAL NAME
Personal name Valmiki
9 (RLIN) 121333
245 ## - TITLE STATEMENT
Title The valmikiramayana (v.3)/
Statement of responsibility, etc. by Valmiki
260 ## - PUBLICATION, DISTRIBUTION, ETC.
Place of publication, distribution, etc. Delhi:
Name of publisher, distributor, etc. Nag,
Date of publication, distribution, etc. 1990.
300 ## - PHYSICAL DESCRIPTION
Extent 163p.
650 ## - SUBJECT ADDED ENTRY--TOPICAL TERM
Topical term or geographic name entry element Ramayana
9 (RLIN) 121334
650 ## - SUBJECT ADDED ENTRY--TOPICAL TERM
Topical term or geographic name entry element Vedic Literature
9 (RLIN) 121335
650 ## - SUBJECT ADDED ENTRY--TOPICAL TERM
Topical term or geographic name entry element Hinduism
9 (RLIN) 121336
650 ## - SUBJECT ADDED ENTRY--TOPICAL TERM
Topical term or geographic name entry element Religion
9 (RLIN) 121337
942 ## - ADDED ENTRY ELEMENTS (KOHA)
Koha item type Book
Holdings
Withdrawn status Lost status Damaged status Not for loan Permanent Location Current Location Date acquired Cost, normal purchase price Total Checkouts Full call number Barcode Date last seen Cost, replacement price Price effective from Koha item type
        Sree Sankaracharya University of Sanskrit Sree Sankaracharya University of Sanskrit 08.01.2015 429.00   R S 294.592 2 VAL/V 005361 08.01.2015 0.00 08.01.2015 Reference
        Sree Sankaracharya University of Sanskrit Sree Sankaracharya University of Sanskrit 08.01.2015 429.00   R S 294.592 2 VAL/V 005354 08.01.2015 0.00 08.01.2015 Reference